=LDR 00000nam 2200000 4500 =001 INLIS000000000037049 =005 20140609125821.0 =006 =007 =008 Ind =035 ##$$a 0010-061300000037049 =041 ##$$a Ind =082 ##$$a 813 =090 ##$$a 813, Dev u =100 ##$$a Devania A =245 ##$$a Ubur-ubur kabur, dasar gila ! ubur-ubur ngumbar cinta, Devania A ; editor, Benedicta Rini W =260 ##$$a 2010 $b Yogyakarta =300 ##$$a 186 hlm, 18 cm =650 ##$$a Fiksi Indonesoa =700 ##$$a Rini W, Benedicta =850 ##$$a NBPNMAT